00493 2200169 4500001002100000005001500021035002000036245005200056100002100108250001000129300002900139700007500168260005200243082000800295084001400303020000600317INLIS00000000000410520230221090830 a0010-02230002421 aPerjalanan Pembuktian Cinta /cNusaibah Azzahra0 aNusaibah Azzahra aCet 1 a101 hlm :b- ;c14x20 cm0 aEditor:Wiwik Waluyo; Desain Cover:Fiki Ahmadi; Tata Letak:Fiki Ahmadi; aJakarta; :bKatalog Dalam Terbitan (KDT),c2017 a813 a813 NUS p a-